000 00746nam a2200289Ia 4500
003 OSt
005 20221007110804.0
006 a|||||r|||| 00| 0
007 ta
008 221006b |||||||| |||| 00| 0 eng d
020 _a0406353018
024 _a21,900
037 _cTextual
040 _aLCO
_cLCO
_beng
041 _2eng
_aeng
082 _aX8(A)q, L2
100 _aRedgrave
_9707848
245 0 _aFactories Act
250 _a22nd
260 _aLondon
_bButterworth & Co. (Publishers) Ltd. India
_c1972
300 _a1537
650 _aFACTORY ACT
700 _a Fife Ian
700 _a Kirk F.J. Ed.
_9707849
942 _hX8(A)q, L2
_cTEXL
999 _c1191463
_d1191463